000 00545nam a2200193Ia 4500
008 230312s9999 xx 000 0 und d
041 _aeng
082 _a621.37
_b621.37 MEH
100 _aMehta V.K.
_9126127
245 _aBasic Electrical Engineering
_bFor B.E./B.Tech. And Other Engineering Examinations
250 _a5th ed.
260 _bS. Chand & Company Ltd.
300 _a903
365 _cRs.
_b365.00
700 _aMehta.R.
_9126128
710 _aMehta V.K. & Mehta. R.
_9126129
906 _b124.1
999 _c102331
_d102331